Wiedźmin - Statystyki

Ogólne statystyki
  • Ten quiz został rozwiązany 1 258 razy
  • Średni wynik to 6 z 6
Statystyki odpowiedzi
Zagadnienie Odpowiedź % Poprawnych
Kim była Yennefer Czarodziejką
100%
Kim był Jaskier Przyjacielem Geralta
100%
Czemu Ciri Była nadzwyczajna Bo miała moce
97%
Dlaczego Gerald szukał Ciri Bo była jego przeznaczeniem
91%
Skąd pochodzi Ciri Z Cintry
91%
Gdzie Yennefer uczyła się magii W Aretuzie
79%
Nie znaleziono quizów pasujących do podanych kryteriów
Rozkład punktacji
Procent ludzi z każdym wynikiem
Percentyl według liczby udzielonych odpowiedzi
Twoja historia wyników
Nie rozwiązałeś tego quizu